000 00400nam a22001697a 4500
005 20160627113235.0
008 160627b xxu||||| |||| 00| 0 eng d
020 _a81-7036-704-2
041 _aeng
082 _b10276
100 _aSingh Inderamani and Parasuraman, Raja
_92909
245 _aHuman Cagnition
260 _bSage
_c1998
300 _a342
650 _aAgriculture
_92837
942 _cBK
999 _c4207
_d4206